Word Ladder: Nice Doggie Quiz Stats

 Plays Quiz Updated Aug 13, 2015

Also try: Word Ladder: Birds
Challenge
Share
Tweet
Embed
Score 0/18 Timer 02:00
0 Plays Today
Hint Word % Correct
*☾ Sound a doggie makes ☽*BARK
96.9%
*☾ Sound a doggie makes ☽*WOOF
90.8%
9 to 5 localeWORK
88.5%
Fleece fiberWOOL
83.1%
Non-kosher meatPORK
81.1%
Animal houseBARN
78%
Olmstead designed onePARK
76.3%
Write to a CDBURN
75.7%
Klingon crew memberWORF
71.9%
Hint Word % Correct
Club, spade, hammer, e.g.TOOL
71.8%
Gang territoryTURF
65.1%
Do this to get score 300BOWL
63.5%
It's before the riverTURN
59.1%
*☾ Sound a doggie makes ☽*HOWL
55.9%
Physical laborTOIL
55.3%
*☾ Sound a doggie makes ☽*RUFF
55.1%
Fabulous Thunderbirds: ____ EnuffTUFF
51.5%
Many of this covered JobBOIL
44.4%

Today's Daily Dose

Word Ladder
Homophones Ate

Quick Pick
RGB Colors

On This Day
August 18th II

You're not logged in!

Compare scores with friends on all Sporcle quizzes.
Join for Free
OR
Log In

You Might Also Like...

Show Comments

Extras

Top Quizzes Today


Score Distribution

Your Account Isn't Verified!

In order to create a playlist on Sporcle, you need to verify the email address you used during registration. Go to your Sporcle Settings to finish the process.

Report this User

Report this user for behavior that violates our Community Guidelines.

Details: